K vedeckému charakteru hospodárskej informatiky

Definovanie pojmu hospodárska informatika ako odboru vedy. Vývoj hospodárskej informatiky.

Gespeichert in:
Bibliographische Detailangaben
1. Verfasser: Masár, Zdenko
Weitere Verfasser: Štefánek, Ján
Format: Buchkapitel
Sprache:Slowakisch
Schlagworte:
Tags: Tag hinzufügen
Keine Tags, Fügen Sie das erste Tag hinzu!

MARC

LEADER 00000naa$a2200000$$$4500
001 0018898
005 20220606115650.3
041 0 |a slo 
044 |a SK 
245 1 0 |a K vedeckému charakteru hospodárskej informatiky  |c Zdenko Masár, Ján Štefánek 
520 |a Definovanie pojmu hospodárska informatika ako odboru vedy. Vývoj hospodárskej informatiky. 
610 2 0 |a informatika aplikovaná 
610 2 0 |a informatika ekonomická 
610 2 0 |a definície 
100 1 |a Masár, Zdenko 
700 1 |a Štefánek, Ján